| 000 | 00000nam 2200000za 4500 |
| 001 | 9.854837 |
| 003 | CaOODSP |
| 005 | 20221107155146 |
| 007 | cr ||||||||||| |
| 008 | 180406t20182017qucab ob f000 0 fre d |
| 020 | |z9780660218397 |
| 040 | |aCaOODSP|bfre |
| 043 | |an-cn-qu |
| 086 | 1 |aCW66-573/2018F-PDF|zCW66-386/2015F-PDF |
| 100 | 1 |aRoberge, Benoît. |
| 245 | 10|aPlan de gestion de la réserve nationale de faune de la baie-de-l’Isle-Verte |h[ressource électronique]. |
| 260 | |aGatineau, QC : |bEnvironnement et changement climatique Canada, |c[2018], c2017. |
| 300 | |avi, 81 p. : |bcartes en coul., ill. en coul. |
| 500 | |aPubl. aussi en anglais sous le titre : Baie de l’Isle-Verte National Wildlife Area management plan. |
| 500 | |aTitre de la couv. |
| 500 | |aPlan de gestion préparé par : Benoît Roberge. Cf. Remerciements. |
| 500 | |aLe n° de catalogue (CW66-386/2015F-PDF) et l’ISBN (978-0-660-21839-7) imprimés dans cette publication sont incorrects. |
| 504 | |aComprend des références bibliographiques. |
| 692 | 07|2gccst|aAire de conservation |
| 692 | 07|2gccst|aGestion |
| 710 | 2 |aService canadien de la faune. |bRégion du Québec. |
| 710 | 1 |aCanada. |bEnvironnement et changement climatique Canada. |
| 775 | 08|tBaie de l’Isle-Verte National Wildlife Area management plan |w(CaOODSP)9.854836 |
| 794 | |tRéserve nationale de faune de la Baie-de-L’Isle-Verte : |w(CaOODSP)9.865211 |
| 856 | 40|qPDF|s4.29 Mo|uhttps://publications.gc.ca/collections/collection_2018/eccc/CW66-573-2018-fra.pdf |